Movies Quiz

Random Movies or Clickable Quiz
Score 0/40 Timer 08:00
2 Plays Today
% Correct
Top Gun
91%
Star Trek IV: The Voyage Home
91%
¡Three Amigos!
88.5%
Aliens
87.9%
Ferris Bueller's Day Off
87.8%
Crocodile Dundee
86.7%
Pretty in Pink
86.5%
The Fly
84.4%
Stand by Me
82.9%
The Color of Money
82.5%
Platoon
81.7%
The Money Pit
77.7%
Big Trouble in Little China
76.3%
Labyrinth
75.3%
Little Shop of Horrors
73.3%
Nine 1|2 Weeks
71.1%
Hannah and Her Sisters
70.6%
Back to School
70.3%
Cobra
69.8%
The Golden Child
68.6%
% Correct
Highlander
68.5%
Peggy Sue Got Married
65.5%
Blue Velvet
63.1%
Short Circuit
63.1%
Hoosiers
62.8%
Ruthless People
61.8%
Howard the Duck
61.4%
Down and Out in Beverly Hills
59%
The Mosquito Coast
57%
Wildcats
54.3%
The Transformers: The Movie
54.2%
Sid and Nancy
50.2%
The Name of the Rose
49.9%
Running Scared
48.4%
One Crazy Summer
47.7%
Soul Man
46.7%
Raw Deal
46.5%
The Hitcher
44%
Lucas
43.8%
The Mission
43%
Remove Ads.
Support Sporcle.
Get the best of Sporcle when you Go Orange. This ad-free experience offers more features, more stats, and more fun while also helping to support Sporcle. Thank you for becoming a member.

You're not logged in!

Compare scores with friends on all Sporcle quizzes.
OR
Log In

Show Comments

Extras

Top Quizzes Today


Score Distribution

Your Account Isn't Verified!

In order to create a playlist on Sporcle, you need to verify the email address you used during registration. Go to your Sporcle Settings to finish the process.

Report this User

Report this user for behavior that violates our Community Guidelines.

Details: